000 00542cam a2200217ua 4500
001 8054
005 20260515114304.0
008 150105n ii |||gr||||Z||||||hin
020 _a9788170284024
040 _cMAIN
041 _ahin
082 _a891.432
100 _aOjha, D.,
_eAuthor.
245 1 _aHindi natak :
_bUdbhav aur vikas /
_cBy Dashrath Ojha .
250 _a1st.
260 _aNew Delhi:
_bRajpal,
_c2006.
300 _a414p.
653 _aEast Indo-European & Celtic literatures
653 _aHindi drama
942 _cBK
999 _c7166
_d7166